| 000 | 00421nam a2200169Ia 4500 | ||
|---|---|---|---|
| 003 | STCL | ||
| 008 | 181203s9999 xx 000 0 und d | ||
| 020 | _a9789386286925 | ||
| 040 |
_aSTCL _bEN _cSTCL |
||
| 082 | _222 | ||
| 100 | _aSwamy, Krishna K.S. | ||
| 245 | 0 | _aUnderstanding Cosmic Panorama | |
| 260 |
_bNew Age International Publishers _aNew Delhi _c2018 |
||
| 300 | _a126 | ||
| 546 | _aEnglish | ||
| 942 |
_2ddc _cBK |
||
| 999 |
_c86377 _d86377 |
||